000 00341 a2200109 4500
001 ART_12414
005 20260410161906.0
008 260409a
245 1 0 _aA remark on serial correlation in maximum likelihood
100 1 _aLevine, David M.
773 0 _tJournal of econometrics
_g- Vol. 23, NÂș 3 (dic. 1983)
_wREV11720
999 _c26343
_d26343